000 01932cam2a220043301 4500
001 lcf00005337
003 DLC
005 20190826200438.0
008 820524m19339999fr d 000 0 fre
010 _a 33010965 //r943
035 _a(Sirsi) r63365
035 _a(UPRA)lcf00005337
040 _aDLC
_cDLC
_dDLC
_dUPRA
043 _ae-fr---
050 0 0 _aCT143
_b.D5
082 0 0 _a920.044
245 0 0 _aDictionnaire de biographie francaise /
_csous la direction de J. Balteau ... M. Barroux ... M. Prevost ... avec le concours de nombreux collaborateurs ...
260 _aParis :
_bLetouzey et Ane,
_c1933-<1993>
500 _aIssued in parts, 1929-
500 _aVols. 4-8 "sous la direction de M. Prevost et Roman d'Amat."; v. <9-13 > "sous la direction de Roman d'Amat."
500 _a[Vol. 18], 1993. Fasc. 107: Jumelle-Kubnick. Sous la direction de M. Prevost, Roman d'Amat, H. Tribout de Morembert.
651 0 _aFrance -- Biography -- Dictionaries.
_xFrance -- Biography -- Dictionaries.
_xFrance -- Biography -- Dictionaries.
_6S16353.1
700 1 _aBalteau, J.
_6A23139.1
700 1 _aPrevost, Michel, 1880-
_dPrevost, Michel, 1880-
_6A23140.1
700 2 _aRoman d'Amat, 1887-
_dRoman d'Amat, 1887-
_6A23141.1
949 _aCT143
_wlcc
_i-84169
_mMAIN
_tBOOK
_lON-SHELF
949 _aCT143
_wlcc
_i-84170
_mMAIN
_tBOOK
_lON-SHELF
949 _aCT143
_wlcc
_i-84171
_mMAIN
_tBOOK
_lON-SHELF
949 _aCT143
_wlcc
_i-84172
_mMAIN
_tBOOK
_lON-SHELF
949 _aCT143
_wlcc
_i-84173
_mMAIN
_tBOOK
_lON-SHELF
949 _aCT143
_wlcc
_i-84174
_mMAIN
_tBOOK
_lON-SHELF
949 _aCT143
_wlcc
_i-84175
_mMAIN
_tBOOK
_lON-SHELF
949 _aCT143
_wlcc
_i-84176
_mMAIN
_tBOOK
_lON-SHELF
949 _aCT143
_wlcc
_i-84177
_mMAIN
_tBOOK
_lON-SHELF
949 _aCT143
_wlcc
_i-84178
_mMAIN
_tBOOK
_lON-SHELF
949 _aCT143
_wlcc
_i-84179
_mMAIN
_tBOOK
_lON-SHELF
949 _aCT143
_wlcc
_i-84180
_mMAIN
_tBOOK
_lON-SHELF
004 63365
999 _c170558
_d170558